00473nam a2200169 a 4500001000400000003000900004008004100013040002800054082002000082100001900102245008200121250000600203260002700209300001500236490002600251650002600277226CO-ViMGA141112s2004 ck r 000 u spa d aCO-ViMGAbspacCO-ViMGA04a398.208997 C15f1 aCamus, William10aEl fabricante de lluvia : blas aventuras de Pete Breakfast / cWilliam Camus a7 aMadrid : bS.M, c1989 a211 p : il aEl barco de vapor, 5714aLITERATURA FOLCLORICA